000 01054cam a2200301 4500
008 090401t1989 xxu||||| |||| 00| 0 eng d
020 _a0854064230
035 _a(Sirsi) u48854
041 _aeng
050 _a333.332
090 _aRICS 1989/31 ABCD
110 _aRoyal Institution of Chartered Surveyors
_94900
245 _aGuidance notes on the valuation of assets
250 _a2nd. ed. revised
260 _aLondon
_bRICS
_c1989
300 _aLooseleaf binder ; 31cm.
350 _a33.95
490 _aRICS Red Book
520 _aSUPERSEDED: Replaced by 3rd edition (RICS 1990/45). 1st ed. 1976/5ABCD; 2nd ed. 1981/18ABCD; this edition still described as 2nd ed. but with amendments of November 1981, November 1982, March 1983 January 1986 and January 1989.
650 _aASSETS
650 _aGUIDANCE NOTES
650 _aRICS APPRAISAL AND VALUATION MANUAL
650 _aValuation
_96273
690 _aRATING AND VALUATION
710 _aAssets Valuation Standards Committee
_92689
942 _n0
_2ddc
948 _c04/03/1997
999 _c92420
_d92420